000 00239nam a2200097Ia 4500
001 791638
005 20250826170614.0
008 250824s9999 xx 000 0 und d
245 4 _aTHE DERVISH GATE
_cAHMET ÜMİT
260 _bEVEREST YAYINLARI
999 _c791638
_d791638